Statistics for "H" Synonyms

Click here to take the quiz!

General Stats

  • This quiz has been taken 84 times
    (80 since last reset)
  • The average score is 13 of 20

Answer Stats

WordH Synonym% Correct
AssistHelp
94%
TruthfulHonest
94%
DifficultHard
93%
ElevatedHigh
92%
GraspHold
89%
DetestHate
85%
FamishedHungry
85%
PigHog
80%
EarthlingHuman
80%
ModestHumble
72%
DomicileHome / House
68%
SwelteringHot
66%
EmbarassHumiliate
61%
KnobHandle
58%
LiftHoist
32%
RobHoldup / Hijack
27%
WelcomingHospitable
24%
DoctorHealer
21%
AggressiveHostile
21%
PrideHubris
14%

Score Distribution

Percentile by Number Answered

Percent of People with Each Score

Your Score History

You have not taken this quiz since the last reset